00700cam a2200169 i 4500020001700000020002200017082001200039245021200051260004300263300004000306650001200346650001500358700002300373942000700396999001500403952011200418 a0080212913 : a0080212905 (pbk.)00a500 PRO14aThe proceedings of the Fifth Biennial International CODATA Conference, June 28-July 1 1976, held at the University of Colorado, Boulder, Colorado, USA, at the invitation of the National Academy of Sciences / aOxford ;aNew York :bPergamon,c1977. axxvi, 642 p. :bill., forms, maps ; 0aScience 0aTechnology1 aDreyfus, Bertrand. cBK c2120d2120 0010708NFICaMLCampusbMLCampuscGENd2015-09-15l0o500 PROp002718r2022-11-17 00:00:00w2015-09-15yBK